Trombinoscope animes (clic quiz) - Statistiques

Statistiques générales
  • Ce quiz a été pris 694 fois
  • Le résultat moyen est 29 sur 40
Statistiques - réponses
Hint Réponse % Correct
Naruto
95%
L'Attaque des Titans
93%
One Piece
93%
Dragon Ball Z
93%
Assassination Classroom
92%
Hunter × Hunter
91%
One Punch Man
90%
Death Note
90%
Olive et Tom
89%
Détective Conan
88%
Bleach
87%
Fairy Tail
87%
My Hero Academia
87%
Yu-Gi-Oh!
87%
Saint Seiya : Les Chevaliers du Zodiaque
83%
Demon Slayer
82%
Fullmetal Alchemist: Brotherhood
82%
Haikyū!!
81%
Berserk
80%
Vinland Saga
79%
JoJo's Bizarre Adventure
77%
Nicky Larson
75%
Great Teacher Onizuka
74%
Violet Evergarden
71%
Ken le Survivant
71%
Fire Force
69%
Sword Art Online
67%
Your Lie in April
67%
Solo Leveling
63%
Neon Genesis Evangelion
63%
Dandadan
61%
Jeanne et Serge
61%
Shangri-La Frontier
57%
Red Eyes Sword: Akame ga Kill!
50%
Cowboy Bebop
50%
Hell's Paradise
47%
The Eminence in Shadow
47%
Fate
45%
Yū Yū Hakusho
44%
Zenshu
33%
Aucun quiz correspondant
Distribution des résultats
% des personnes avec chaque résultat
Percentile par nombre de réponses
Votre historique - résultats
Vous n’avez pas pris ce quiz